[Event "Vienna op-B 14th"]
[Site "Vienna"]
[Date "2003.08.17"]
[Round "2"]
[White "Zoffmann, Johann"]
[Black "Plattner, Harald"]
[Result "0-1"]
[WhiteElo "1804"]
[BlackElo "1991"]
[PlyCount "62"]
[EventDate "2003.08.16"]
[EventType "swiss"]
[EventRounds "9"]
[EventCountry "AUT"]
[SourceTitle "CBM 095 Extra"]
[Source "ChessBase"]
[SourceDate "2003.09.04"]
[SourceVersion "1"]
[SourceVersionDate "2003.09.04"]
[SourceQuality "1"]

1. d4 f5 2. g3 g6 3. Bg2 Nf6 4. Nd2 Bg7 5. Nh3 0-0 6. Nf4 d6 7. Nf3 Ne4 8. Nd3 c5 9. c3 cxd4 10. cxd4 Nc6 11. e3 e5 12. dxe5 dxe5 13. 0-0 Be6 14. Nfe1 Bc4 15. b3 Ba6 16. Ba3 Re8 17. Qc2 Qa5 18. Bb2 Rac8 19. a3 Qb6 20. b4 Kh8 21. Qa4 Nd2 22. Rd1 Bb5 23. Qc2 Nxf1 24. Bxf1 Nxb4 25. Qb3 Nxd3 26. Nxd3 Bxd3 27. Qxb6 axb6 28. Rxd3 Red8 29. Rb3 Rd6 30. e4 fxe4 31. h3 Rc2 0-1